000 00307nam a22001457a 4500
008 210426b ||||| |||| 00| 0 eng d
020 _a0688053068
041 _aeng
080 _a34
082 _a34
100 _a14
101 _aJUR
245 _aRules of Order Revised
_cRobert,H.M
942 _2udc
_cBK
999 _c56765
_d56765